Normal view
MARC view
Entry Corporate Name
001 - CONTROL NUMBER
- control field: 51984
003 - CONTROL NUMBER IDENTIFIER
- control field: ARRUPE
005 - DATE AND TIME OF LATEST TRANSACTION
- control field: 20221125154012.0
008 - FIXED-LENGTH DATA ELEMENTS
- fixed length control field: 221125|| aca||aabn | a|a d
040 ## - CATALOGING SOURCE
- Original cataloging agency: ARRUPE
- Transcribing agency: ARRUPE
110 ## - HEADING--CORPORATE NAME
- Corporate name or jurisdiction name as entry element: Association of Christian Philosophers of India.
- Subordinate unit: Meeting
- Number of part/section/meeting: (31st :
- Date of meeting or treaty signing: 2006 :
- Location of meeting: Sacred Heart Seminary)
670 ## - SOURCE DATA FOUND
- Source citation: Work cat.: (ARRUPE)131576: Association of Christian Philosophers of India. Meeting (31st : 2006 : Sacred Heart Seminary), Romancing the sacred? :, 2007.